LIBRARY & INFORMATION CENTRE, KCAET, TAVANUR

ONLINE PUBLIC ACCESS CATALOGUE (OPAC)

Bakery Technology And Engineering (Record no. 14356)

MARC details
000 -LEADER
fixed length control field 00330nam a22001337a 4500
020 ## - INTERNATIONAL STANDARD BOOK NUMBER
ISBN 8123904819
082 ## - DEWEY DECIMAL CLASSIFICATION NUMBER
Classification number 664.02
Item number MAT/BA
100 ## - MAIN ENTRY--AUTHOR NAME
Personal name Matz,Samuel A.
245 ## - TITLE STATEMENT
Title Bakery Technology And Engineering
250 ## - EDITION STATEMENT
Edition statement 3rd
260 ## - PUBLICATION, DISTRIBUTION, ETC. (IMPRINT)
Place of publication New Delhi
Name of publisher CBS Publishers & Distributors Pvt. Ltd
Year of publication 2008
300 ## - PHYSICAL DESCRIPTION
Number of Pages 853
942 ## - ADDED ENTRY ELEMENTS (KOHA)
Koha item type Books
Holdings
Withdrawn status Lost status Damaged status Collection code Home library Current library Shelving location Date acquired Source of acquisition Cost, normal purchase price Full call number Accession Number Koha item type
        KAUAET KAUAET General Stacks 22/06/2016 Universal Research Books, Thrissur 575.00 664.02 MAT/SA 23949 Books
        KAUAET KAUAET General Stacks 29/06/2016 Universal Research Books, Thrissur 575.00 664.02 MAT/BA 23948 Books
free website counter